| 000 | 00709nam a2200205 a 4500 | ||
|---|---|---|---|
| 005 | 20240925065441.0 | ||
| 008 | 991125m19751990es 000 0 spa u | ||
| 020 | _a8429711066 | ||
| 035 | _aUPN01000018307 | ||
| 049 | _aCG | ||
| 050 | 4 |
_aLC191 _bD8.4c |
|
| 100 | 1 |
_aDurkheim, Emile, _d1858-1917 |
|
| 245 | 1 | 0 |
_aEducación y sociología / _cEmile Durkheim ; pref. Maurice Debesse ; introd. Paul Fauconnet ; epílogo de Joan Borrell ; tr. de Janine Muls de Liarás. |
| 260 |
_aBarcelona, Esp. : _bPenínsula, _c1975 (1990 impr.). |
||
| 300 | _a188 p. | ||
| 440 | 0 |
_aHomo sociologicus ; _v4 |
|
| 650 | 4 |
_aSociología de la educación _94896 |
|
| 650 | 4 |
_aEducación _xAspectos sociales _95311 |
|
| 905 | _aLibro | ||
| 999 |
_c18307 _d18307 |
||